Hazbin Hotel - Addict Lyrics - Statistics

General Stats
  • This quiz has been taken 53 times
    39 since last reset
  • The average score is 259 of 365
Answer Stats
Answer % Correct
a
100%
A
100%
I
96%
to
93%
addicted
89%
do
89%
ho
89%
in
89%
So
89%
so
89%
the
89%
We
89%
But
85%
but
85%
for
85%
give
85%
go
85%
I'm
85%
This
85%
this
85%
us
85%
already
81%
be
81%
death
81%
don't
81%
end
81%
feelin'
81%
is
81%
love
81%
part
81%
that
81%
we're
81%
We're
81%
you
81%
You
81%
and
78%
And
78%
brand
78%
by
78%
fuck
78%
have
78%
hotel
78%
me
78%
my
78%
new
78%
start
78%
think
78%
'Til
78%
'til
78%
When
78%
am
74%
damn
74%
feeling
74%
fell
74%
let
74%
Let
74%
life
74%
night
74%
phase
74%
sin
74%
some
74%
way
74%
your
74%
Your
74%
deserve
70%
Despite
70%
fuckin'
70%
fucking
70%
gonna
70%
havin'
70%
Hell
70%
hell
70%
it
70%
it ?
70%
it,
70%
never
70%
of
70%
praise
70%
sober
70%
all
67%
bein'
67%
emotions
67%
gettin'
67%
Heaven
67%
high
67%
I've
67%
overdosed
67%
reason
67%
want
67%
You're
67%
you're
67%
above
63%
Atlantis
63%
ceilin'
63%
comatose
63%
fire
63%
higher
63%
I'll
63%
madness
63%
mantra
63%
not
63%
past
63%
pit
63%
soul
63%
up
63%
what
63%
again
59%
breathin'
59%
deeper
59%
demons
59%
endin'
59%
every
59%
got
59%
know
59%
passion
59%
see
59%
than
59%
Yeah
59%
could
56%
everybody
56%
from
56%
leave
56%
lettin'
56%
like ?
56%
power
56%
sorrow
56%
burn
52%
craves
52%
delight
52%
if
52%
inner
52%
It's
52%
Just
52%
misbehave ?
52%
money
52%
playin'
52%
with
52%
'cause
48%
come
48%
count
48%
forever
48%
ignites
48%
rains
48%
sinful
48%
Surrounded
48%
blessings
44%
fancy
44%
now
44%
While
44%
yourself
44%
ends
41%
inside
41%
poison
41%
things
41%
won't
41%
brave
37%
helpless
37%
hit
37%
mate
37%
awesome
33%
concede
33%
Maybe
33%
terrible
33%
Lookin'
30%
pain
30%
resides
30%
veins
30%
buzz
26%
dependent
26%
dose
26%
rush
26%
tomorrow
26%
highway
22%
pleasure
22%
flowin'
19%
into
19%
raisin'
19%
another
15%
Cain
15%
Giving
15%
There's
15%
No matching quizzes found
Score Distribution
Percent of People with Each Score
Percentile by Number Answered
Your Score History
You have not taken this quiz since the last reset